000 01014nam0a22002771 4500
001 rc\534679
005 20250621122723.0
035 _a(NLR Aleph) 005772321
090 _a5044373
_c5044373
100 _a20030616d1988 |||y0rusy50 ca
101 0 _arus
102 _aRU
105 _aa |||||||||
200 1 _aСтимулированный γ-распад изомерных ядер в поле интенсивного лазерного излучения
210 _aМ.
_cЦНИИатоминформ
_d1988
215 _a20 с.
_cил.
_d21
225 1 _aПрепринт
_fИн-т атом. энергии им. И.В. Курчатова
_vИАЭ-4703/2
300 _aРез. на англ. яз.
320 _aБиблиогр.: с. 19-20
700 1 _aСтрижов
_bВ.Ф.
_gВалерий Федорович
701 1 _aТкаля
_bЕ.В.
_gЕвгений Викторович
801 0 _aRU
_bNLR
_gpsbo
801 1 _aRU
_bELAR
_2rusmarc
852 _aNLR
_j88-6/7052
942 _cBOOK
980 _aNB